| 000 -CABECERA |
| Longitud fija campo de control |
00648nam a2200217 a 4500 |
| 001 - NÚMERO DE CONTROL |
| Número de control |
1743 |
| 003 - IDENTIFICADOR DEL NÚMERO DE CONTROL |
| Identificador del número de control |
CDMR |
| 005 - FECHA Y HORA DE LA ÚLTIMA TRANSACCIÓN |
| Fecha y hora de la última transacción |
20131106112940.0 |
| 008 - CÓDIGOS DE INFORMACIÓN DE LONGITUD FIJA |
| Códigos de información de longitud fija |
130130s1991||||||||||||||||||||||||||||d |
| 020 ## - NÚMERO INTERNACIONAL NORMALIZADO PARA LIBROS |
| Número Internacional Normalizado para Libros (ISBN) |
8460604284 |
| 040 ## - FUENTE DE LA CATALOGACIÓN |
| Centro catalogador de origen |
CDMR |
| Lengua de catalogación |
cat |
| Centro transcriptor |
CDMR |
| 100 1# - PUNTO DE ACCESO PRINCIPAL-NOMBRE DE PERSONA |
| Nombre de persona |
Passarell, Jaume |
| 9 (RLIN) |
3326 |
| Fechas asociadas al nombre |
1889-1975 |
| 245 10 - MENCIÓN DE TÍTULO |
| Título |
Jaume Passarell i Ribó |
| Resto del título |
: obra publicada |
| Mención de responsabilidad, etc. |
Margarida Abras Pou |
| 260 ## - PUBLICACIÓN, DISTRIBUCIÓN, ETC. (PIE DE IMPRENTA) |
| Lugar de publicación, distribución, etc. |
Badalona |
| Fecha de publicación, distribución, etc. |
1991 |
| Nombre del editor, distribuidor, etc. |
Museu de Badalona |
| 300 ## - DESCRIPCIÓN FÍSICA |
| Extensión |
142 p. |
| Otras características físicas |
il. b/n |
| Dimensiones |
30 cm |
| 490 0# - MENCIÓN DE SERIE |
| Mención de serie |
Monografies Badalonines |
| Designación de volumen o secuencia |
13 |
| 600 ## - PUNTO DE ACCESO ADICIONAL DE MATERIA - NOMBRE DE PERSONA |
| 9 (RLIN) |
3326 |
| Nombre de persona |
Passarell, Jaume |
| Fechas asociadas al nombre |
1889-1975 |
| 650 04 - PUNTO DE ACCESO ADICIONAL DE MATERIA - TÉRMINO DE MATERIA |
| 9 (RLIN) |
3084 |
| Término de materia o nombre geográfico como elemento inicial |
Humorisme gràfic |
| 700 1# - PUNTO DE ACCESO ADICIONAL - NOMBRE DE PERSONA |
| 9 (RLIN) |
1305 |
| Nombre de persona |
Abras Pou, Margarida |
| 942 ## - ENTRADA DE ELEMENTOS AGREGADOS (KOHA) |
| Koha [por defecto] tipo de item |
Monografies |
| Fuente de clasificaión o esquema |
|